| 000 | 00871nas a2200265 454500 | ||
|---|---|---|---|
| 001 | 28748 | ||
| 005 | 20260407193507.0 | ||
| 008 | 260407s1976####ag###########|||spa#d | ||
| 003 | AR-UNSa-BCEJYS | ||
| 040 |
_aAR-UNSa-BCEJYS _bspa _cAR-UNSa-BCEJYS |
||
| 080 |
_a330 _xEconomía en general |
||
| 245 | 1 | 0 | _aSerie sobre problemas contemporaneos |
| 264 | 1 |
_aEstados Unidos : _bServicio Cultural e Informativo de los Estados Unidos _c1976 |
|
| 310 | _aFrecuencia: Irregular | ||
| 041 | _aspa | ||
| 942 | _cSER | ||
| 590 | _aniveau_biblio:s niveau_hierar:1 | ||
| 100 | 1 | _aEstados Unidos. Servicio Cultural e Informativo | |
| 650 | _aComercio | ||
| 650 | _aEducación | ||
| 650 | _aMedio ambiente | ||
| 650 | _aTecnología | ||
| 650 | _aECONOMIA | ||
| 856 | 4 | 1 |
_uhttps://biblioeco.unsa.edu.ar/pmb/images/revistas/Economia y Comercio-r13834.jpg _yImagen de portada _qimage/jpeg |
| 999 |
_c8655 _d8655 |
||